• 首页
  • 本馆介绍
  • 公告通知
  • 最新文献
  • 馆藏检索
  • 电子资源
  • 读者导购
  • 参考咨询
  • 我的图书馆
  • 登录
  • 详细信息显示
  • 放入我的书架
  • 预约/预借图书
  • 作者相关作品
  • 分类相关作品
  • 丛书相关作品
  • 出版社相关作品

书目信息

  • 表格格式
  • 工作单格式
  • 卡片格式
题名:
方纪文集
    
 
作者: 方纪 著
分册: 二  
出版信息: 天津   百花文艺出版社  1985
页数: 435页
开本: 19cm
丛书名:
单 册:
中图分类: I217.2 , I211
科图分类:
主题词: 文学--作品--中国--现代--选集 , 文学--作品集--中国
电子资源:
ISBN:
000 00681nam0 2200265 45
001 0185005148
005 20040414184316.5
010    @dCNY3.70@b精装
091    @a10151.847
100    @a19901106d1985 kemy0chiy0121 ea
101 0  @achi
102    @aCN@b120000
105    @ay z 000zy
106    @ar
200 10 @a方纪文集@Afang ji wen ji@h二@f方纪著
210    @a天津@c百花文艺出版社@d1985
215    @a435页@d19cm
606    @a文学@x作品@y中国@z现代@x选集
606 0  @a文学@x作品集@x中国
690    @aI217.2@v3
690    @aI211
701  0 @a方纪@Afang ji@4著
801  0 @aCN@b深圳图书馆@c20040414
801  2 @aCN@bNLC@c20040414
905    @f1@b253256@dI211@e311:2
    
    方纪文集.二/方纪著.-天津:百花文艺出版社,1985
    435页;19cm
    
    
    ISBN (精装):CNY3.70
    
●
相关链接 在E读中查询图书 在五车中查询图书 在当当中查询图书 在豆瓣中查询图书


正题名:方纪文集     索取号:I211/311:2         预约/预借

序号 登录号 条形码 馆藏地/架位号 状态 备注
1 0253256   000234534   第二借阅区/ [索取号:I211/311:2] 在馆    
2 0253257   000234455   第一样本阅览室/ [索取号:I211/311:2] 在馆    
唐山师范学院图书馆 欢迎您!
大连网信软件有限公司© 版权所有